000
00318nam a2200121Ia 4500
008
220216s9999 xx 000 0 und d
100
_a
Perin R J
245
0
_a
Effect of operating conditions on the life of rubber belts
260
_b
IRI Transactions
_c
1939
300
_a
76-84
650
_a
Rubber belts
942
_c
JS
999
_c
58006
_d
58006